| 000 | 00318cam a22001097a 4500 | ||
|---|---|---|---|
| 008 | 180718b1929 xxu||||| |||| 00| 0 eng d | ||
| 082 | _aF5x54 W693 | ||
| 100 | _aWilson, Frederick William | ||
| 245 |
_aSome Indian problems _cby Frederick William Wilson |
||
| 260 |
_aAllahabad _bLala Ram Mohan Lal _c1929 |
||
| 300 | _a108p. | ||
| 999 |
_c438344 _d438344 |
||